LDR 00548naa#a2200169#i#450# 001 EN\\bibl\122418 005 20260513182845.3 011 ## _a1998-6785 100 ## _a20231221b2023####ek#y0engy0150####ca 102 ## _aRU 200 1# _aSocial infrastructure of towns in Khakassia – factor of population migration? _eJournal article 210 1# _aVladivostok _cVladivostok State University _d2023 215 ## _a6 с. 608 ## _aJournal article _2local 675 ## _aВсеобщая история. 94 _z 700 #1 _aTinikova _gElena Evgen'evna 856 4# _aojkum.editorum.ru _u